BUBT Library Online Catalog

শেষের কবিতা / (Record no. 5878)

000 -LEADER
fixed length control field 00583nam a22001817a 4500
003 - CONTROL NUMBER IDENTIFIER
control field BUBTL
008 - FIXED-LENGTH DATA ELEMENTS--GENERAL INFORMATION
fixed length control field 190225b xxu||||| |||| 00| 0 eng d
020 ## - INTERNATIONAL STANDARD BOOK NUMBER
International Standard Book Number 984-8484-20-5
082 ## - DEWEY DECIMAL CLASSIFICATION NUMBER
Classification number 891.443 / RAS
100 ## - MAIN ENTRY--PERSONAL NAME
9 (RLIN) 2441
Personal name ঠাকুর, রবীন্দ্রনাথ
245 ## - TITLE STATEMENT
Title শেষের কবিতা /
Statement of responsibility, etc. রবীন্দ্রনাথ ঠাকুর
260 ## - PUBLICATION, DISTRIBUTION, ETC. (IMPRINT)
Place of publication, distribution, etc. Dhaka :
Name of publisher, distributor, etc. Prio Book Center,
Date of publication, distribution, etc. c2013.
300 ## - PHYSICAL DESCRIPTION
Extent 80 p. :
Dimensions 22 cm.
650 #0 - SUBJECT ADDED ENTRY--TOPICAL TERM
9 (RLIN) 2152
Topical term or geographic name as entry element Bengali Literature
856 ## - ELECTRONIC LOCATION AND ACCESS
Password 0
Logon 0
Link text Download
942 ## - ADDED ENTRY ELEMENTS (KOHA)
Source of classification or shelving scheme
Koha item type Books
Holdings
Withdrawn status Lost status Source of classification or shelving scheme Damaged status Not for loan Collection code Permanent location Current location Shelving location Date acquired Inventory number Total Checkouts Full call number Barcode Date last seen Copy number Price effective from Koha item type Total Renewals Date last checked out
          Fiction Bangladesh University of Business and Technology Library Bangladesh University of Business and Technology Library Fiction 10/13/2016 22422   891.443 / RAS BUBTL-200322422 02/25/2019 C-1 02/25/2019 Books    
          Fiction Bangladesh University of Business and Technology Library Bangladesh University of Business and Technology Library Fiction 04/17/2014 17288 5 891.443 / RAS BUBTL-200317288 01/16/2024 C-2 04/06/2019 Books 3 01/03/2024
          Fiction Bangladesh University of Business and Technology Library Bangladesh University of Business and Technology Library Fiction 10/13/2016 22421 4 891.443 / RAS BUBTL-200322421 12/28/2021 C-3 11/03/2019 Books 1 12/21/2021

More Information About Library

Library Hours

  • Open: 9.00 am. to 9.00 pm.
  • Only Sunday: 9.00 am. to 6.00 pm.
  • Closed: Holiday

Contact to the University

Bangladesh University of Business and Technology Library

  • Mirpurl-2, 1216.
  • Phone:
  • Fax:
  • E-Mail: admin.library@bubt.edu.bd

Contact to the Library

Contact Person:

Md. Abdul Hakim Shah
Joint Librarian
PABX No:  113
Cell No: 01816332931
E-mail: official: admin.library@bubt.edu.bd
Personal: hakim.shah@bubt.edu.bd


BUBT Library

Copyright © 2021